[Event "Lesa op 1st"]
[Site "Lesa"]
[Date "2012.10.13"]
[Round "3"]
[White "Virgilio, Gianluca"]
[Black "Creola, Aurelio"]
[Result "1-0"]
[WhiteElo "1825"]
[BlackElo "1499"]
[PlyCount "69"]
[EventDate "2012.10.12"]
[EventType "swiss"]
[EventRounds "5"]
[EventCountry "ITA"]
[SourceTitle "EXT 2015"]
[Source "ChessBase"]
[SourceDate "2014.11.20"]
[SourceVersion "1"]
[SourceVersionDate "2014.11.20"]
[SourceQuality "1"]

1. c4 e5 2. g3 Nf6 3. Bg2 d6 4. Nc3 c6 5. e3 Be7 6. Nge2 Bg4 7. h3 Bh5 8. 0-0 0-0 9. d4 Nbd7 10. g4 Bg6 11. f4 exf4 12. exf4 h6 13. f5 Bh7 14. Nf4 Ne8 15. Bd2 Bf6 16. Nce2 Qb6 17. Bc3 Nc7 18. Kh1 Rfd8 19. Qd2 Qa6 20. b3 Bg5 21. Qb2 d5 22. cxd5 Nxd5 23. Nxd5 cxd5 24. Bxd5 Nf6 25. Bg2 Nd5 26. Bxd5 Rxd5 27. Nf4 Bxf4 28. Rxf4 Re8 29. Qg2 Qd6 30. Re4 Rxe4 31. Qxe4 g6 32. f6 Kh8 33. Qe7 Qg3 34. Qf8+ Bg8 35. Qg7# 1-0

[Event "Recco op-B 4th"]
[Site "Recco"]
[Date "2010.11.26"]
[Round "1"]
[White "Squarci, Franco"]
[Black "Creola, Aurelio"]
[Result "1-0"]
[WhiteElo "1796"]
[BlackElo "1501"]
[PlyCount "123"]
[EventDate "2010.11.26"]
[EventType "swiss"]
[EventRounds "5"]
[EventCountry "ITA"]
[SourceTitle "EXT 2023"]
[Source "ChessBase"]
[SourceDate "2022.10.05"]
[SourceVersion "1"]
[SourceVersionDate "2022.10.05"]
[SourceQuality "1"]

1. d4 g6 2. Nf3 Bg7 3. e4 d6 4. Be2 b6 5. 0-0 Bb7 6. d5 Nd7 7. c3 a6 8. Be3 Ngf6 9. Nbd2 c5 10. h3 h6 11. Nh2 g5 12. f4 gxf4 13. Bxf4 Ne5 14. Bxe5 dxe5 15. Ng4 Nh7 16. Nf3 f6 17. Nh4 Rg8 18. Nf5 Bc8 19. Ngxh6 Bxh6 20. Bh5+ Kf8 21. Nxh6 Rg7 22. Nf5 Bxf5 23. Rxf5 Ng5 24. Qd3 Rh7 25. Bg4 Kg7 26. Rd1 Qd6 27. Qe3 Rg8 28. Rf2 Kh8 29. Kf1 Rh4 30. g3 Rh7 31. h4 Nf7 32. Be6 Rhg7 33. Bxf7 Rf8 34. c4 a5 35. Ke2 Rfxf7 36. Rf5 Rf8 37. Qf3 Qd7 38. Rf1 Qa4 39. Qc3 Qb4 40. R1f3 Rg4 41. Qxb4 Rxe4+ 42. Re3 Rxe3+ 43. Kxe3 axb4 44. d6 exd6 45. Rxf6 Rd8 46. Ke4 Kg7 47. Rf5 Ra8 48. Kd5 e4 49. Kxe4 Rxa2 50. Rf2 Ra1 51. Rd2 Re1+ 52. Kf5 Re5+ 53. Kf4 Re6 54. Rd5 Rf6+ 55. Kg4 Kf7 56. Rf5 Ke6 57. Rxf6+ Kxf6 58. Kf4 Ke6 59. Ke4 d5+ 60. cxd5+ Kd6 61. h5 Ke7 62. h6 1-0